000 00529nam a22001697a 4500
999 _c80315
_d80315
008 201208b ||||| |||| 00| 0 eng d
020 _a9984-592-93-6
040 _dStAFF
041 _aeng
041 _alett
245 _aRiga: Pilsetas Attistiba 1997-2001 =
_bRiga: City Development 1997-2001/
_cAivars Lekuzis
260 _aRiga,
_c2001
300 _a239 Seiten
_büberw. Ill. - Text lett. - engl.
500 _aBildband
942 _2z
_cB